Statistiken für Sachsen-Anhalt A-Z

Klicken Sie hier um das Quiz zu spielen!

Allgemein

  • Dieses Quiz wurde 63 mal gespielt
  • Das Durchschnittsergebnis liegt bei 11 aus 17

Antwortstatistiken

BuchstabeBeschreibungAntwort% Korrekt
BHöchster Berg des HarzesBrocken
98%
DBauhausstadt, die teils Unesco-Weltkulturerbe besitzt.Dessau-Roßlau
89%
HBevölkerungsreichste StadtHalle
89%
MHauptstadtMagdeburg
89%
QBevölkerungsreichste Stadt Deutschlands, welche mit Q anfängt.Quedlinburg
85%
WStadt, in der Luther seine 95 Thesen angeblich an die Kirche genagelt hat.Wittenberg
83%
EGeburts- und Sterbestadt Martin LuthersEisleben
81%
SIn Bayern entspringender Fluss, der in die Elbe mündet.Saale
81%
NDomstadt, die u.a. für Stollen bekannt ist.Naumburg
67%
JNachname des nationalistischen Politikers(*1778), der die Turnbewegung begründete.Jahn
61%
RVorname des amtierenden Ministerpräsidenten(*1954)Reiner
57%
GErster Vorname eines berühmten deutsch-britischen Musikers(*1685), der in H geboren wurde.Georg Friedrich Händel
56%
AÄlteste urkundlich erwähnte Stadt SAsAschersleben
50%
KStadt, in der Bach arbeitete, nachdem er in Weimar arrestiert worden war.Köthen
43%
ZAls ''Lost Place'' bekannter Ort, der im Süden SAs liegt.Zeitz
41%
TVorname eines Reformators, Drucker und Revolutionärs(*1489), der enthauptet worden ist.Thomas Müntzer
31%
FErste Stadt in Deutschland, für die mittels photogrammetrischer Methoden ein dreidimensionaler Stadt- und Landschaftsplan erstellt wurde.Freyburg(Unstrut)
7%

Verteilung der Resultate

Perzentil nach korrekt beantworteten Fragen

Anzahl Personen mit jedem Resultat

Ihre Resultats-Entwicklung

Sie haben dieses Quiz noch nicht gespielt